00565nam a22001697a 4500008004100000010001300041020002600054035001300080037005600093040001300149082001100162100001900173245006000192260004200252270008000294300002100374090530t xxu||||| |||| 00| 0 eng d aB-328869 a9788175346000c650-00 aB-328869 aUBHbRP/CL/E;15/20.05.09/25.05.09/28.05.09/29.05.09 adplbEng a346.54 aParameswaran,S aLaw Relating Societies Registration cby/S.Parameswaran aDelhibUniversal Law Publishingc2007 aC-ff IA Dilkhush Industrial Estate G.T Karnal RoadbDelhie110033k27215334 axxxi,725pgc24cm